02289 a2200325 450000500170000000800410001704000560005804100080011404100080012224500610013024600290019126000500022030000460027050005340031650803070085051101550115752000660131254600850137858600750146365000260153865000560156465000330162065000250165370000300167871000230170871000290173171000270176076500290178785601470181620140904104003.0140301s1990 xx g 0 m mul d aCO-BoUCMbspacJose A. Gerena (modificó)d[Nuevo] aeng aspa03aLa caza al octubre rojocJohn McTiernan, directorh[DVD]13aThe hunt for red october a[Lugar desconocido]bParamount Picturesc1990 a1 DVD, 135 minutosbimagen, sonido, color aSINOPSIS: Un nuevo y tecnológicamente superior submarino nuclear soviético, el Octubre Rojo, se acerca a las costas de los Estados Unidos bajo el mando del capitán Marko Ramius. El gobierno estadounidensepiensa que Ramius está planeando atacar. Un analista solitario de la CIA tiene una idea diferente: piensa que Ramius está planeando desertar, pero tiene sólo pocas horas para encontrarlo y probar su teoría ya que toda la fuerza naval y la fuerza aérea rusa lo están buscando, también [Tomado de la fuente] aCRÉDITOS: Dirigida por John McTiernan ; guion por Larry Ferguson y Donald Stewart ; música por Basil Poledouris ; fotografía por Jan de Bont ; diseño de producción por Terence Marsh ; dirección de arte por William Cruse ; ambientación por Mickey S. Michaels ; vestuario por James W. Tyson aREPARTO: Sean Connery, Alec Baldwin, Scott Glenn, Sam Neill, James Earl Jones, Joss Ackland, Richard Jordan, Peter Firth, Tim Curry, Courtney B. Vance aBasada en la novela bestseller de Tom Clancy del mismo nombre aAudio en inglés y español. Subtítulos en inglés, español y portugués aGanadora de un premio de la Academia, 1991 (mejores efectos de sonido) 7aCine de suspensovDVD 7aPelículas cinematográficaszEstados UnidosvDVD 7aPelículas de acciónvDVD 7aTáctica navalvDVD1 aMcTiernan, Johnedirector2 aParamount Pictures2 aMace Neufeld Productions2 aNina Saxon Film Design0 tThe hunt for red october40uhttps://www.youtube.com/watch?v=kxL8uBmdulYzSiga este enlace para ver el trailerzTrailer tomado del canal Paramount Movies vía YouTube.com